000 07506namaa22004211i 4500
003 OSt
005 20260510115728.0
008 250827s2025 ua a|||frm||| 000 0 eng d
040 _aEG-GICUC
_bara
_cEG-GICUC
_dEG-GICUC
_erda
041 0 _aara
_bara
_beng
049 _aإيداع
082 0 4 _a371.33
092 _a371.33
_221
097 _aدكتوراه‎
099 _aCai01.23.02.Ph.D.2025.إب.ص
100 0 _a،إبراهيم عبد الحميد محمود عبد العزيز
_eإعداد.
245 1 0 _aصنع القرار التربوي بالإدارة التعليمية بمصر في ضوء متطلبات التحول الرقمي :
_bرؤية مستقبلية /
_cإعداد إبراهيم عبد الحميد محمود عبد العزيز؛ إشراف أ.د. نجلاء محمد حامد، د. نهى عادل مجاهد.
246 1 5 _aEducational decision-making in the educational administration in egypt in light of requirements of the digital transformation :
_bFuture vision /
264 0 _c2025.
300 _a272 صفحة :
_bإيضاحيات ؛
_c25 سم. +
_eCD.
336 _atext
_2rda content
337 _aUnmediated
_2rdamedia
338 _avolume
_2rdacarrier
502 _aأطروحة (دكتوراه)-جامعة القاهرة، 2025.
504 _aببليوجرافيا: صفحات 227-240.
520 _aهدفت الدراسة إلى وضع رؤبة مستقبلية لتطوير صنع القرار التربوي بالإدارة التعليمية بمصر في ضوء متطلبات التحول الرقمي، واعتمدت الدراسة على المنهج الاستشرافي، من خلال استخدام استراتيجية دلفي لقدرته على التوصل إلى نتائج من خلال استشراف آراء الخبراء حول موضوع معين. وتم تطبيق أسلوب دلفي من خلال ثلاث جولات على عينة الدراسة. والتي تكونت من عدد (42) خبير متخصص في المجالات التالية: أساتذة أصول التربية، أساتذة تكنولوجيا التعليم والحاسبات بالكليات التكنولوجية، وأعضاء مديري ووكلاء الإدارات التعليمية وحدة التحول الرقمي بديوان وزارة التربية والتعليم المصرية، وتوصلت الدراسة إلى تطوير رؤية مستقبلية وتتركز محاورها في 6 محاور رئيسية و50 محور فرعى، والمحاور الرئيسية هي تصميم سياسات تناسب تطبيق التحول الرقمي وتساعد على دعم مسيرته، وتطوير مهارات القيادات التربوية والعاملين بالإدارات التعليمية، وتوفير البنية التحتية والتطبيقات التكنولوجية، وأيضا وضع استراتيجيات حديثة لتوظيف التكنولوجيا في إدارة العملية التعليمية، مع بناء الشراكات والتعاون مع أصحاب المصلحة والقطاع الخاص والتعاون الدولي، وأخيراً المتابعة المستمرة والتقييم وضمان الجودة والمراقبة، وأوصت الدراسة بضرورة توفير البنية التحتية الرقمية وتطوير برامج تدريبية متخصصة لصانعي القرار التعليمي حول التقنيات الرقمية، ووضع تشريعات وسياسات تنظم حوكمة البيانات التعليمية وخصوصيتها وأمنها. مع ضمان الشفافية والمساءلة. والاستعانة بأنظمة ذكاء اصطناعي لدعم صنع القرار التعليمي، وتطوير لوحات مؤشرات أداء تفاعلية. وبناء شراكات استراتيجية مع شركات التكنولوجيا والمؤسسات البحثية لتطوير حلول رقمية مبتكرة لصنع القرار. وتعزيز التعاون بين المؤسسات التعليمية لتبادل الخبرات الناجحة في مجال التحول الرقمي. بالإضافة إلى تطوير نظام متابعة وتقييم التحول الرقمي في تحسين عمليات صنع القرار.
520 _aThe study aimed to develop a future vision for improving educational decision-making in Egypt's educational administration in light of digital transformation requirements. The study relied on the forward-looking approach, using the Delphi strategy for its ability to reach results through exploring expert opinions on a specific topic. The Delphi method was applied through three rounds to the study sample, which consisted of (42) experts specialized in the following fields: Professors of Educational Foundations, Professors of Educational Technology and Computing at Technological Colleges, and members, directors and deputies of educational departments in the Digital Transformation Unit at the Egyptian Ministry of Education. The study resulted in developing a future vision focused on six main axes and fifty sub-axes. The main axes are: designing policies suitable for implementing digital transformation and supporting its progress, developing the skills of educational leaders and employees in educational departments, providing infrastructure and technological applications, also establishing modern strategies for employing technology in managing the educational process, building partnerships and cooperation with stakeholders, the private sector and international cooperation, and finally continuous follow-up, evaluation, quality assurance and monitoring. The study recommended the necessity of providing digital infrastructure and developing specialized training programs for educational decision makers about digital technologies, establishing legislation and policies that regulate the governance, privacy and security of educational data while ensuring transparency and accountability. It also recommended utilizing artificial intelligence systems to support educational decision-making, developing interactive performance indicator dashboards, building strategic partnerships with technology companies and research institutions to develop innovative digital solutions for decision-making, enhancing cooperation between educational institutions to exchange successful experiences in the field of digital transformation, in addition to developing a system for monitoring and evaluating digital transformation in improving decision-making processes.
530 _aصدر أيضًا كقرص مدمج.
546 _aالنص بالعربية والملخص باللغة الإنجليزية والعربية.
650 7 _aالوسائل والاجهزة والمواد التعليمية المساعدة
_2qrmak
653 0 _aالإدارة التعليمية
_aصنع القرار التربوي
_aالتحول الرقمي
700 0 _aنجلاء محمد حامد
_eمشرف أطروحة.
700 0 _aنهى عادل مجاهد
_eمشرف أطروحة.
900 _b12-05-2025
_cنجلاء محمد حامد
_cنهى عادل مجاهد
_dعماد صموئيل وهبة
_dأيسم سعد محمدي محمود
_Uجامعة القاهرة
_Fكلية الدراسات العليا للتربية
_Dقسم أصول التربية
905 _aSara
942 _2ddc
_cTH
_e21
_n0
999 _c180061